| 000 | 00958nam0a22002891 4500 | ||
|---|---|---|---|
| 001 | rc\4715197 | ||
| 005 | 20130416212651.0 | ||
| 021 |
_aRU _b[63-33534] |
||
| 035 | _a(NLR Aleph) 008726643 | ||
| 090 |
_a9451351 _c9451351 |
||
| 100 | _a20130416d1963 |||y0rusy50 ca | ||
| 101 | 0 | _arus | |
| 102 | _aRU | ||
| 105 | _aa z ||||| | ||
| 200 | 1 | _aРазвертки элементов листовых конструкций | |
| 205 | _a2-е изд., перераб. и доп. | ||
| 210 |
_aЛенинград _cСудпромгиз _d1963 |
||
| 215 |
_a320 с. _cчерт. _d22 |
||
| 320 | _aБиблиогр.: с. 317 | ||
| 606 |
_aЧерчение техническое _2psbo |
||
| 606 |
_aРазвертки листовых конструкций _2psbo |
||
| 700 | 1 |
_aПугачев _bА. С. _gАлександр Сергеевич |
|
| 801 | 0 |
_aRU _bNLR _gpsbo |
|
| 801 | 1 |
_aRU _bELAR _2rusmarc |
|
| 852 |
_aNLR _j63-5/2441 |
||
| 942 | _cBOOK | ||
| 980 | _aNB | ||